Toutes les Techniques de Zanark Avalonic D'Inazuma Eleven - Statistiques

Statistiques générales
  • Ce quiz a été pris 32 fois
  • Le résultat moyen est 5 sur 8
Statistiques - réponses
Réponse Type de quiz Première Utilisation % Correct
Je suis le Tout-Puissant TIR GO CS
92%
Tir Cataclysme TIR GO CS
88%
Cao Cao MIXIMAX GO CS
81%
Ouragan Zeta MIXIMAX GO CS
69%
Zodiac, Prince du Plan Astral Esprit Guerrier GO CS
62%
Prison Écarlate TIR EG GO CS
38%
Xuan-Wu, Le Guerrier du Nord Esprit Guerrier GO CS
31%
Faux de Flammes ATT GO CS
15%
Aucun quiz correspondant
Distribution des résultats
% des personnes avec chaque résultat
Percentile par nombre de réponses
Votre historique - résultats
Vous n’avez pas pris ce quiz